| 000 | 01581nam a22004097a 4500 | ||
|---|---|---|---|
| 003 | DO-SdBNP | ||
| 005 | 20260420170825.0 | ||
| 007 | ta | ||
| 008 | 211110b2018 a|||e |||| 001 0bspa d | ||
| 020 | _a9789945580457 | ||
| 040 |
_aDO-SdBNP _bspa _cBNPHU |
||
| 082 | 4 |
_222 _a340.115 _bH557c |
|
| 100 | 0 |
_910463 _aHernández, Pedro Pablo |
|
| 245 | 1 | 0 |
_aCurso práctico de Penología y Derecho Penitenciario : _bSociología Jurídica / _cPedro Pablo Hernández, |
| 250 | _a2da. | ||
| 260 |
_aSantiago de los Caballeros, Rep. Dom. : _bUAPA, _c2018. |
||
| 300 |
_a257 p. : _bil.; _c27 cm |
||
| 490 | _aAutoaprendizaje | ||
| 500 | _aIncluye índice de contenido. | ||
| 504 | _aBibliografía : p. 255 - 257. | ||
| 505 | _aUnidad 1. La sociología general y la sociología jurídica. | ||
| 505 | _aUnidad II. Relaciones de las sociología jurídica con algunas ciencias sociales. | ||
| 505 | _aUnidad III. El objetivo de la sociología jurídica. | ||
| 505 | _aUnidad IV. El Poder y el Estado. | ||
| 505 | _aUnidad V. El control social jurídico. | ||
| 505 | _aUnidad VI. Escuelas sociológicas. | ||
| 505 | _aUnidad VII. El delito. | ||
| 505 | _aUnidad VIII. Clasificación de los delicuentes. | ||
| 505 | _aRespuestas a los ejercicios de Autoevaluación. | ||
| 505 | _aBibliografía general. | ||
| 590 | _aInventariado, 2021 / SA | ||
| 650 | 4 | 0 |
_aJurisprudencia sociológica _94071 |
| 700 | 1 |
_978873 _aTejada Betancourt , Lennys G _eeditor |
|
| 700 | 1 |
_938149 _aAcosta Hernández, María Luisa _eCorrección y estilo |
|
| 910 | _aSaquino | ||
| 942 |
_2ddc _cLBS1 |
||
| 999 |
_c50911 _d50911 |
||